000 00375nam a2200157Ia 4500
008 160316s2009 xxu||||| |||| 00| 0 eng d
082 _a823.000000
_bSUD
100 _aSudarshan Aditya
245 _aA nice quiet holidays
250 _a
260 _aNew Delhi
_bWestland Limited
_c2009
300 _a224p
_b
_c
365 _bRs. 250
650 _a1. Fiction
700 _a
_a
999 _c26270
_d26270